An expository dictionary of New Testament words with their precise meanings for English readers. (Record no. 939)

000 -LEADER
fixed length control field 00609nam a2200169 a 4500
001 - CONTROL NUMBER
control field :::00014118$&:&@@
003 - CONTROL NUMBER IDENTIFIER
control field OkBaRHE
005 - DATE AND TIME OF LATEST TRANSACTION
control field 20100325141725.0
008 - FIXED-LENGTH DATA ELEMENTS--GENERAL INFORMATION
fixed length control field s1966 j 000 0 eng u
040 ## - CATALOGING SOURCE
Transcribing agency
100 1# - MAIN ENTRY--PERSONAL NAME
Personal name Vine, William Edwyn.
245 13 - TITLE STATEMENT
Title An expository dictionary of New Testament words with their precise meanings for English readers.
260 ## - PUBLICATION, DISTRIBUTION, ETC. (IMPRINT)
Place of publication, distribution, etc Old Tappan, NJ., :
Name of publisher, distributor, etc Fleming H. Revell Company
Date of publication, distribution, etc 1966
650 ## - SUBJECT ADDED ENTRY--TOPICAL TERM
Topical term or geographic name as entry element Bible New Testament
General subdivision Dictionaries
942 ## - ADDED ENTRY ELEMENTS (KOHA)
Source of classification or shelving scheme
Koha item type Books
Copies
Source of classification or shelving scheme Barcode Koha item type Date acquired Lost status Not for loan Price effective from Permanent Location Damaged status Full call number Shelving location Date last seen Withdrawn status Copy number Collection code
 14118Books2010-04-14  2010-04-14RHEMA Bible Training College PA 881 .V5 1966General Stacks2010-04-14 1Reference